书目信息 |
| 题名: |
基础会计学
|
|
| 作者: | 吴玉林 主编 | |
| 分册: | ||
| 出版信息: | 南京 东南大学出版社 2003.11 |
|
| 页数: | 219页 | |
| 开本: | 26cm | |
| 丛书名: | ||
| 单 册: | ||
| 中图分类: | F230 | |
| 科图分类: | ||
| 主题词: | 会计学--kuai ji xue--高等教育--教材 | |
| 电子资源: | ||
| ISBN: | 978-7-81089-386-2 | |
| 000 | 00861nam0 2200253 450 | |
| 001 | 012009653718 | |
| 005 | 20090917115629.45 | |
| 010 | @a978-7-81089-386-2@dCNY23.00 | |
| 100 | @a20090917d2003 em y0chiy0120 ea | |
| 101 | 0 | @achi |
| 102 | @aCN@b320000 | |
| 105 | @ak a 000yy | |
| 106 | @ar | |
| 200 | 1 | @a基础会计学@Aji chu kuai ji xue@f吴玉林主编@Fwu yu lin zhu bian |
| 210 | @a南京@c东南大学出版社@d2003.11 | |
| 215 | @a219页@d26cm | |
| 300 | @a高等职业教育经济管理类专业教材 | |
| 320 | @a有书目 (第211页) | |
| 330 | @a本书突出了会计基本理论、基本知识、基本方法和技能。书中除附有必要的案例分析外,各章都明确指出学习目的和要求,并附有名词解释、选择题、业务练习题等。 | |
| 606 | 0 | @a会计学@Akuai ji xue@x高等教育@j教材 |
| 690 | @aF230@v4 | |
| 701 | 0 | @a吴玉林@Awu yu lin@4主编 |
| 801 | 0 | @aCN@bQSSK@c20090917 |
| 905 | @b753080-82@dF230@eW913@f3 | |
| 基础会计学/吴玉林主编.-南京:东南大学出版社,2003.11 |
| 219页;26cm |
| 高等职业教育经济管理类专业教材 |
| ISBN 978-7-81089-386-2:CNY23.00 |
| 本书突出了会计基本理论、基本知识、基本方法和技能。书中除附有必要的案例分析外,各章都明确指出学习目的和要求,并附有名词解释、选择题、业务练习题等。 |
| ● |
| 相关链接 |
|
|
|
正题名:基础会计学
索取号:F230/W913
 
预约/预借
| 序号 | 登录号 | 条形码 | 馆藏地/架位号 | 状态 | 备注 |
| 1 | 753080 | 207530803 | 社科库409/409社科库 75排2列5层/ [索取号:F230/W913] | 在馆 | |
| 2 | 753081 | 207530812 | 社科库409/409社科库 75排2列5层/ [索取号:F230/W913] | 在馆 | |
| 3 | 753082 | 207530821 | 社科库409/409社科库 75排2列5层/ [索取号:F230/W913] | 在馆 |